| 000 | 01726cam a2200361 4500500 | ||
|---|---|---|---|
| 005 | 20260222003144.0 | ||
| 041 | _afre | ||
| 042 | _adc | ||
| 100 | 1 | 0 |
_aOussedik, Fatma _eauthor |
| 245 | 0 | 0 | _aPenser pour demain, penser la Silmiya (le pacifisme) en Algérie. Vue des marches |
| 260 | _c2021. | ||
| 500 | _a89 | ||
| 520 | _aFatma Oussedik propose ici ses réflexions à la fois de sociologue et de participante aux marches du Hirak à un moment précis de son histoire, dix mois après le début du mouvement. En retraçant les différents slogans qui ont émergé et se sont parfois affrontés, elle restitue ses réflexions à mesure du développement des premiers mois du mouvement populaire. | ||
| 520 | _aIn this article, Fatma Oussedik offers her considerations both as a sociologist and as a participant in the demonstrations of the Hirak at a specific time in its history, ten months after its beginning in February 2019. By identifying and analyzing the different slogans that were sung and sometimes competed, she renders her thoughts as the movement developed in the first months of the popular movement. | ||
| 690 | _aarmée | ||
| 690 | _acolonisation | ||
| 690 | _adémocratie | ||
| 690 | _ahirak | ||
| 690 | _aislamisme | ||
| 690 | _amanifestation | ||
| 690 | _aparti unique | ||
| 690 | _aslogans | ||
| 690 | _aarmy | ||
| 690 | _acolonization | ||
| 690 | _ademocracy | ||
| 690 | _ademonstration | ||
| 690 | _ahirak | ||
| 690 | _aIslamism | ||
| 690 | _asingle party | ||
| 690 | _aslogans | ||
| 786 | 0 | _nMaghreb - Machrek | 245 | 3 | 2021-03-10 | p. 57-74 | 1762-3162 | |
| 856 | 4 | 1 | _uhttps://shs.cairn.info/revue-maghreb-machrek-2020-3-page-57?lang=fr&redirect-ssocas=7080 |
| 999 |
_c1667112 _d1667112 |
||